| 000 | 00980nam a2200289Ia 4500 | ||
|---|---|---|---|
| 003 | OSt | ||
| 005 | 20221006160556.0 | ||
| 006 | a|||||r|||| 00| 0 | ||
| 007 | ta | ||
| 008 | 221006b |||||||| |||| 00| 0 eng d | ||
| 020 |
_a9780415857666 _c£95.00 |
||
| 024 | _a45,531 | ||
| 037 |
_b43649, 20/03/2015, Segment Book Distributors _cTextual |
||
| 040 |
_aEASL _cEASL _beng |
||
| 041 |
_2eng _aeng |
||
| 082 | _aX.41.N8, Q4 | ||
| 100 |
_aHong Ma _9237595 |
||
| 245 | 0 | _aChinese economists on economic reform - Collected works of Ma Hong | |
| 260 |
_aLondon _bRoutledge _c2014 |
||
| 300 |
_a216p. _ccm. |
||
| 490 |
_v CEL _aRoutledge Studies on the Chinese economy |
||
| 650 | _a CEL | ||
| 650 | _aChina - Economic policy | ||
| 700 |
_a China Development Research Foundation Ed. _9674214 |
||
| 942 |
_hX.41.N8, Q4 _cTEXL _2CC |
||
| 999 |
_c1113623 _d1113623 |
||